Pays où l'espagnol est la langue officielle - Statistiques

Statistiques générales
  • Ce quiz a été pris 263 fois
  • Le résultat moyen est 16 sur 20
Statistiques - réponses
Pays % Correct
Argentine
98%
Espagne
97%
Colombie
93%
Chili
92%
Mexique
91%
Pérou
89%
Uruguay
89%
Venezuela
89%
Bolivie
87%
Paraguay
86%
Panama
82%
Costa Rica
80%
Équateur
80%
Cuba
79%
Guatemala
77%
Honduras
77%
Salvador
73%
Nicaragua
71%
République dominicaine
57%
Guinée équatoriale
32%
Aucun quiz correspondant
Distribution des résultats
% des personnes avec chaque résultat
Percentile par nombre de réponses
Votre historique - résultats
Vous n’avez pas pris ce quiz